000 00291nam a22001337a 4500
008 180914b xxu||||| |||| 00| 0 eng d
020 _a9780070112094
041 _aeng
080 _a541
100 _a12
101 _aKIM
245 _aEssential Chemistry
_cEllis.V.D
942 _2udc
_cBK
999 _c47812
_d47812